000 00377nam a2200145Ia 4500
008 230917s9999||||xx |||||||||||||| ||und||
040 _e9304
_aMAIN
041 _aEnglish
082 _a309 Y58M
100 _aYinger, J. Milton, ed.
245 0 _aMajor social issues: A multidisciplinary view
260 _aNew York
_bFree Press
_c1978
300 _axvi, 575 p.
942 _cBK
999 _c195728
_d195728